Statistics for Departments of France Quiz (with map)

Click here to take the quiz!

General Stats

  • This quiz has been taken 3,462 times
    (661 since last reset)
  • The average score is 62 of 102

Answer Stats

Department % Correct
Paris
95%
Seine-Saint-Denis
83%
Guyane
83%
Pas-de-Calais
83%
Loire
82%
Nord
80%
La Réunion
79%
Martinique
78%
Haute-Corse
77%
Corse-du-Sud
77%
Guadeloupe
76%
Rhône
75%
Finistère
70%
Haute-Savoie
69%
Alpes-Maritimes
69%
Savoie
69%
Haut-Rhin
68%
Bas-Rhin
68%
Pyrénées-Atlantiques
67%
Ain
67%
Bouches-du-Rhône
67%
Mayotte
66%
Marne
66%
Var
66%
Manche
65%
Ardennes
65%
Moselle
65%
Pyrénées-Orientales
65%
Gironde
65%
Loiret
65%
Hauts-de-Seine
65%
Tarn
64%
Yvelines
64%
Loire-Atlantique
63%
Ardèche
63%
Seine-et-Marne
63%
Lyon Metropolis
63%
Somme
63%
Calvados
63%
Hautes-Alpes
63%
Seine-Maritime
63%
Oise
63%
Côtes-d'Armor
63%
Hérault
62%
Jura
62%
Morbihan
62%
Cher
62%
Isère
62%
Vaucluse
61%
Charente
61%
Territoire de Belfort
61%
Aisne
61%
Landes
61%
Dordogne
60%
Lot
59%
Vendée
59%
Alpes-de-Haute-Provence
59%
Côte-d'Or
59%
Drôme
59%
Gard
58%
Tarn-et-Garonne
58%
Hautes-Pyrénées
58%
Ille-et-Vilaine
58%
Doubs
58%
Charente-Maritime
57%
Aude
57%
Eure
57%
Meurthe-et-Moselle
57%
Vosges
57%
Meuse
56%
Val-d'Oise
56%
Haute-Garonne
56%
Cantal
55%
Vienne
55%
Val-de-Marne
54%
Loir-et-Cher
54%
Puy-de-Dôme
53%
Essonne
53%
Mayenne
53%
Aube
53%
Lot-et-Garonne
53%
Haute-Loire
53%
Aveyron
52%
Eure-et-Loir
52%
Haute-Marne
52%
Gers
51%
Indre
51%
Lozère
51%
Creuse
50%
Saône-et-Loire
50%
Allier
50%
Haute-Vienne
50%
Ariège
49%
Sarthe
49%
Orne
49%
Yonne
49%
Corrèze
48%
Deux-Sèvres
48%
Indre-et-Loire
48%
Haute-Saône
46%
Nièvre
45%
Maine-et-Loire
42%

Score Distribution

Percentile by Number Answered

Percent of People with Each Score

Your Score History

You have not taken this quiz since the last reset